[Event "Erbil Khanzad op 14th"]
[Site "Erbil"]
[Date "2019.12.14"]
[Round "5.6"]
[White "Nabeel, Aziz Youkhana"]
[Black "Mustafa Kamal, Jalaldeen Al Barba"]
[Result "1/2-1/2"]
[WhiteElo "1947"]
[BlackElo "1737"]
[PlyCount "142"]
[EventDate "2019.12.12"]
[EventType "swiss"]
[EventRounds "9"]
[EventCountry "IRQ"]
[SourceTitle "CBM 193 Extra"]
[Source "ChessBase"]
[SourceDate "2020.01.31"]
[SourceVersion "1"]
[SourceVersionDate "2020.01.31"]
[SourceQuality "1"]

1. Nf3 Nf6 2. g3 d5 3. Bg2 e6 4. 0-0 Be7 5. d4 0-0 6. c4 dxc4 7. Ne5 c5 8. dxc5 Bxc5 9. Nxc4 Nc6 10. Nc3 a6 11. Bg5 Be7 12. Be3 Ng4 13. Bb6 Qxd1 14. Rfxd1 Nge5 15. Nxe5 Nxe5 16. Bc7 Nc6 17. Na4 Ra7 18. Nb6 Bc5 19. Rac1 Bxb6 20. Bxb6 Ra8 21. Bxc6 bxc6 22. Rxc6 Bb7 23. Rcd6 Bd5 24. a3 a5 25. f3 a4 26. e4 Bb3 27. R1d2 Rac8 28. Bd4 Rc1+ 29. Kf2 Rc2 30. Ke3 Rxd2 31. Kxd2 Rc8 32. h4 Kf8 33. Ke3 f6 34. Rd7 Kg8 35. f4 Kf8 36. h5 h6 37. Bc3 Kg8 38. g4 Rf8 39. g5 Rf7 40. Rd8+ Rf8 41. Rd2 hxg5 42. fxg5 fxg5 43. Rg2 Rf7 44. Rxg5 Kh7 45. Rg6 Bc4 46. Kd4 Bb3 47. Ke5 Bc4 48. Kd6 Bb3 49. Rg5 Kh6 50. Bd2 Kh7 51. Ra5 Rf2 52. Bc3 Rf7 53. Ra8 Rb7 54. Bd4 Rb5 55. Be5 Rb7 56. Ra6 Kh6 57. Ra5 Kxh5 58. Bxg7+ Kg4 59. Bf6 Kf4 60. Kc6 Rh7 61. Bc3 Kxe4 62. Re5+ Kf4 63. Re1 Rh5 64. Kd6 Rd5+ 65. Kc6 Rd3 66. Kc5 Rd5+ 67. Kc6 Rd3 68. Be5+ Kf5 69. Bc3 Rd5 70. Re2 e5 71. Bb4 Kf4 1/2-1/2

[Event "Erbil Khanzad op 14th"]
[Site "Erbil"]
[Date "2019.12.13"]
[Round "3.1"]
[White "Nabeel, Aziz Youkhana"]
[Black "Mohammed, Zozek Salah Mohamme"]
[Result "0-1"]
[WhiteElo "1947"]
[BlackElo "2213"]
[PlyCount "82"]
[EventDate "2019.12.12"]
[EventType "swiss"]
[EventRounds "9"]
[EventCountry "IRQ"]
[SourceTitle "CBM 193 Extra"]
[Source "ChessBase"]
[SourceDate "2020.01.31"]
[SourceVersion "1"]
[SourceVersionDate "2020.01.31"]
[SourceQuality "1"]

1. Nf3 Nf6 2. g3 d5 3. d4 e6 4. Bg2 Be7 5. 0-0 0-0 6. c4 dxc4 7. Na3 c6 8. Nxc4 b5 9. Nce5 Bb7 10. Qc2 Qb6 11. Nd3 Nbd7 12. b4 a5 13. bxa5 Qxa5 14. Bd2 Qa4 15. Rfc1 Ba3 16. Qxa4 Rxa4 17. Rc2 Nd5 18. Nfe5 Nxe5 19. Nxe5 Rxd4 20. e4 Nb4 21. Bxb4 Rxb4 22. Nxc6 Rc4 23. Rxc4 bxc4 24. Na5 c3 25. Nc4 Bc5 26. Rc1 Bd4 27. Na5 Ba8 28. Nb3 e5 29. Kf1 Bc6 30. Ke1 f5 31. f4 fxe4 32. fxe5 Bxe5 33. Ke2 Bf6 34. Re1 Ra8 35. Ke3 Rxa2 36. Bxe4 Bxe4 37. Kxe4 Rxh2 38. Kd3 Rg2 39. Re3 Rb2 40. Kc4 c2 41. Nc1 Rb1 0-1

[Event "Erbil Khanzad Cup 11th"]
[Site "Erbil"]
[Date "2018.06.01"]
[Round "6"]
[White "Nabeel, Aziz Youkhana"]
[Black "Danar Jamaj, Qadir Ghaffoori"]
[Result "1-0"]
[WhiteElo "1955"]
[BlackElo "1914"]
[PlyCount "107"]
[EventDate "2018.05.31"]
[EventType "swiss"]
[EventRounds "7"]
[EventCountry "IRQ"]
[SourceTitle "EXT 2019"]
[Source "ChessBase"]
[SourceDate "2018.10.10"]
[SourceVersion "1"]
[SourceVersionDate "2018.10.10"]
[SourceQuality "1"]

1. Nf3 d5 2. g3 Nf6 3. Bg2 g6 4. 0-0 Bg7 5. d4 0-0 6. Ne5 Nbd7 7. f4 Ne4 8. Nd2 f5 9. Nxe4 fxe4 10. e3 c5 11. c3 c4 12. b3 Nxe5 13. dxe5 b5 14. Ba3 Re8 15. Bc5 e6 16. a4 Bd7 17. axb5 Bxb5 18. Rf2 Qc7 19. Bd4 a5 20. Bf1 Reb8 21. bxc4 Bxc4 22. Bxc4 Qxc4 23. Rfa2 Rb5 24. Ra4 Qc7 25. Qc2 Bf8 26. Qa2 Bc5 27. c4 Bxd4 28. exd4 dxc4 29. Rxc4 Qb6 30. Qc2 e3 31. Qe4 Rb8 32. Qxe3 Rb1+ 33. Rxb1 Qxb1+ 34. Qc1 Qxc1+ 35. Rxc1 a4 36. Rc4 a3 37. Ra4 Rb1+ 38. Kg2 Rb2+ 39. Kf3 a2 40. h3 h5 41. g4 h4 42. f5 gxf5 43. gxf5 exf5 44. Kf4 Rf2+ 45. Ke3 Rh2 46. d5 Rxh3+ 47. Kf4 Rd3 48. Rxa2 Rxd5 49. Kxf5 Rd8 50. e6 Rf8+ 51. Ke5 Re8 52. Kf6 Rf8+ 53. Ke7 h3 54. Ra3 1-0

[Event "Erbil Khanzad Cup 11th"]
[Site "Erbil"]
[Date "2018.06.01"]
[Round "3"]
[White "Salar, Mohammed Rasheed"]
[Black "Nabeel, Aziz Youkhana"]
[Result "0-1"]
[WhiteElo "1594"]
[BlackElo "1955"]
[PlyCount "71"]
[EventDate "2018.05.31"]
[EventType "swiss"]
[EventRounds "7"]
[EventCountry "IRQ"]
[SourceTitle "EXT 2019"]
[Source "ChessBase"]
[SourceDate "2018.10.10"]
[SourceVersion "1"]
[SourceVersionDate "2018.10.10"]
[SourceQuality "1"]

1. e4 c6 2. d4 d5 3. e5 Bf5 4. Bd3 Bg6 5. f4 e6 6. Nf3 Bb4+ 7. c3 Ba5 8. b4 Bb6 9. 0-0 Ne7 10. Be3 a5 11. b5 Nd7 12. Qe2 c5 13. a4 Nf5 14. Bxf5 Bxf5 15. Nbd2 0-0 16. Rfc1 c4 17. Qf2 f6 18. Qg3 fxe5 19. fxe5 Qe7 20. Re1 Kh8 21. Qh4 Qf7 22. Bf2 Bd8 23. Qg3 Nb6 24. Rec1 Be7 25. Be3 Qh5 26. Bg5 Rae8 27. Bxe7 Rxe7 28. Qg5 Qf7 29. Qe3 h6 30. h3 g5 31. h4 Rg8 32. hxg5 Qh5 33. Kf2 Kh7 34. Re1 Qf7 35. Rh1 Rh8 36. gxh6 0-1

[Event "Erbil Khanzad Cup 11th"]
[Site "Erbil"]
[Date "2018.05.31"]
[Round "1"]
[White "Hakar, Dalzar Hma Salah"]
[Black "Nabeel, Aziz Youkhana"]
[Result "0-1"]
[WhiteElo "1283"]
[BlackElo "1955"]
[PlyCount "58"]
[EventDate "2018.05.31"]
[EventType "swiss"]
[EventRounds "7"]
[EventCountry "IRQ"]
[SourceTitle "EXT 2019"]
[Source "ChessBase"]
[SourceDate "2018.10.10"]
[SourceVersion "1"]
[SourceVersionDate "2018.10.10"]
[SourceQuality "1"]

1. e4 e5 2. Nf3 Nc6 3. Bb5 Nf6 4. d3 d6 5. 0-0 Be7 6. Bxc6+ bxc6 7. b3 0-0 8. Bb2 Bg4 9. Nbd2 Nd7 10. h3 Bh5 11. g4 Bg6 12. Nh2 h5 13. gxh5 Bh7 14. Kh1 f5 15. Rg1 Bg5 16. Ndf3 Bf4 17. Bc1 fxe4 18. Bxf4 Rxf4 19. dxe4 Bxe4 20. Rg4 Qf6 21. Rg3 Rf8 22. Ng4 Rxg4 23. hxg4 Bxf3+ 24. Rxf3 Qxf3+ 25. Qxf3 Rxf3 26. Kg2 e4 27. c4 Nf6 28. Re1 d5 29. cxd5 cxd5 0-1

[Event "Kurdistan op 2nd"]
[Site "Erbil"]
[Date "2013.12.16"]
[Round "6"]
[White "Nabeel, Aziz Youkhana"]
[Black "L'Ami, Alina"]
[Result "1-0"]
[WhiteElo "2055"]
[BlackElo "2390"]
[PlyCount "101"]
[EventDate "2013.12.12"]
[EventType "swiss"]
[EventRounds "9"]
[EventCountry "IRQ"]
[SourceTitle "EXT 2015"]
[Source "ChessBase"]
[SourceDate "2014.11.20"]
[SourceVersion "1"]
[SourceVersionDate "2014.11.20"]
[SourceQuality "1"]

1. Nf3 Nf6 2. g3 g6 3. Bg2 Bg7 4. c4 0-0 5. 0-0 d6 6. Nc3 c6 7. d4 Bf5 8. Qb3 Qb6 9. Nd2 Na6 10. Qxb6 axb6 11. a3 Nb4 12. e4 Bd7 13. Nb3 Nc2 14. Rb1 c5 15. e5 Ng4 16. Nd5 Ba4 17. Nxe7+ Kh8 18. Nd2 Nxd4 19. exd6 Bc2 20. Ra1 Bd3 21. Nd5 Rad8 22. Nxb6 Rxd6 23. Nd5 Bxf1 24. Bxf1 Re8 25. h3 Nh6 26. Bd3 Ne2+ 27. Kf1 Nxc1 28. Rxc1 Bxb2 29. Rb1 Bxa3 30. Rxb7 Rde6 31. Nf3 Kg7 32. Nc7 Bb4 33. Kg2 Nf5 34. Ng5 R6e7 35. Nxe8+ Rxe8 36. Rxf7+ Kg8 37. Rxh7 Bd2 38. Bxf5 gxf5 39. Rh5 Kg7 40. Nf3 Kg6 41. g4 Bb4 42. Rxf5 Re4 43. Kg3 Kg7 44. Rf4 Re2 45. h4 Ba5 46. Rf5 Bc7+ 47. Kg2 Bd6 48. Rd5 Be7 49. g5 Kf7 50. Re5 Rc2 51. g6+ 1-0

[Event "Baghdad op 1st"]
[Site "Baghdad"]
[Date "2011.11.09"]
[Round "2"]
[White "Nabeel, Aziz Youkhana"]
[Black "Bahzad, Zeealdeen Mawlud"]
[Result "0-1"]
[WhiteElo "2102"]
[BlackElo "2105"]
[PlyCount "58"]
[EventDate "2011.11.08"]
[EventType "swiss"]
[EventRounds "9"]
[EventCountry "IRQ"]
[SourceTitle "CBM 145 Extra"]
[Source "ChessBase"]
[SourceDate "2012.01.03"]
[SourceVersion "1"]
[SourceVersionDate "2012.01.03"]
[SourceQuality "1"]

1. d4 d5 2. Nf3 Nf6 3. e3 e6 4. Bd3 Be7 5. 0-0 0-0 6. c3 c5 7. Nbd2 Nc6 8. b3 Qc7 9. Bb2 e5 10. dxe5 Nxe5 11. Nxe5 Qxe5 12. Nf3 Qh5 13. c4 Be6 14. Rc1 Rad8 15. Qe2 Bd6 16. Rfd1 Rfe8 17. Bxf6 gxf6 18. cxd5 Bxd5 19. h3 Kh8 20. e4 Be6 21. Qb2 Qh6 22. e5 Be7 23. Qd2 Qg7 24. exf6 Bxf6 25. Kh1 Rg8 26. Ne1 Bxh3 27. f3 Rxd3 28. Nxd3 Bxg2+ 29. Kg1 Bxf3+ 0-1

[Event "Baghdad op 1st"]
[Site "Baghdad"]
[Date "2011.11.09"]
[Round "3"]
[White "Saddam, Nafia"]
[Black "Nabeel, Aziz Youkhana"]
[Result "0-1"]
[WhiteElo "2017"]
[BlackElo "2102"]
[PlyCount "120"]
[EventDate "2011.11.08"]
[EventType "swiss"]
[EventRounds "9"]
[EventCountry "IRQ"]
[SourceTitle "CBM 145 Extra"]
[Source "ChessBase"]
[SourceDate "2012.01.03"]
[SourceVersion "1"]
[SourceVersionDate "2012.01.03"]
[SourceQuality "1"]

1. d4 d5 2. Nf3 c6 3. e3 Nf6 4. Be2 a6 5. 0-0 e6 6. b3 Bd6 7. Bb2 0-0 8. Nbd2 Nbd7 9. Ne5 Qc7 10. f4 Ne4 11. Nxe4 dxe4 12. Nc4 Be7 13. Nd2 f5 14. Kh1 Nf6 15. c4 Rd8 16. Rc1 c5 17. Qe1 cxd4 18. Bxd4 Bc5 19. Be5 Qe7 20. Rc3 Bd7 21. Qg3 Bc6 22. Rc2 Rd7 23. Nb1 Kh8 24. Qh3 Rad8 25. Rcc1 Qf7 26. Rcd1 Rd3 27. Bxd3 exd3 28. Bxf6 Qxf6 29. Nd2 a5 30. Nf3 Be4 31. Ne5 g5 32. Qh5 Kg7 33. Qh3 g4 34. Qg3 h5 35. Kg1 h4 36. Qf2 Qh6 37. Rd2 g3 38. hxg3 h3 39. Nf3 hxg2 40. Qxg2 Bxe3+ 41. Rff2 Rh8 42. Kf1 Qf6 43. Rd1 Bxf2 44. Qxf2 Rh1+ 45. Ng1 Qc3 46. Qc5 Qb4 47. Qe5+ Kf7 48. Qd4 Rh2 49. Qd7+ Qe7 50. Qxe7+ Kxe7 51. Ke1 Rxa2 52. Rd2 Ra3 53. Rb2 Ra1+ 54. Kf2 Rc1 55. Rd2 Rc3 56. Ke3 Rxb3 57. g4 Rc3 58. g5 Rxc4 59. Nf3 Bxf3 60. Kxf3 b5 0-1